| 000 | 00547nam a22001817a 4500 | ||
|---|---|---|---|
| 003 | CEME | ||
| 005 | 20210628203229.0 | ||
| 008 | 210302b xxu||||| |||| 00| 0 eng d | ||
| 020 | _a969-8122-13-3 | ||
| 040 | _c. | ||
| 082 | _a620.3 PRO | ||
| 100 |
_aDr M Khalid Khan Ghauri, Ovias Mahfooz _964140 |
||
| 245 | _aProceeding of first national congerence on condition monitoring and diagnostics, cmd 2001 | ||
| 260 |
_aKAHUTA(PK) _bDR. A. Q. KHAN RESEARCH LABORATORIES _c2001 |
||
| 300 | _a433P | ||
| 650 |
_aCMD 2001 _964141 |
||
| 942 |
_cBK _2ddc |
||
| 999 |
_c572745 _d572745 |
||